LEADER 01001nam0 22002411i 450 001 UON00201503 005 20231205103255.724 100 $a20030730d1935 |0itac50 ba 101 $afre 102 $aFR 105 $a|||| ||||| 200 1 $aSept-sort$fEdith Thomas 210 $aParis$cGallimard$d1935. 223 p. ; 21 cm. Testo in fotocopie. 316 $aTesto in fotocopia$5IT-UONSI FranceseVI ATHO/01 620 $aFR$dParis$3UONL002984 700 1$aTHOMAS$bEdith$3UONV120358$0173828 712 $aGallimard$3UONV246610$4650 801 $aIT$bSOL$c20240220$gRICA 912 $aUON00201503 950 $aSIBA - SISTEMA BIBLIOTECARIO DI ATENEO$dSI Francese Franc Microfiche $eSI LO 60717 7 950 $aSIBA - SISTEMA BIBLIOTECARIO DI ATENEO$dSI Francese VI A THO 01 $eSI LO 60729 5 01 Testo in fotocopia 996 $aSept-sort$91254388 997 $aUNIOR